| 000 | 01008nam a22002417a 4500 | ||
|---|---|---|---|
| 999 |
_c15654 _d15654 |
||
| 003 | AR-CdUCM | ||
| 008 | 190429b ||||| |||| 00| 0 spa d | ||
| 040 |
_aMUNICIPALIDAD PROVINCIAL DEL CUSCO _cBIBLIOTECA MUNICIPAL DEL CUSCO |
||
| 041 | _hfre | ||
| 082 |
_a610 / _bC29 / 1912 |
||
| 100 |
_aCastaigne, J. _934790 |
||
| 245 |
_aMaladies du foie et des voies biliaires : _bméthodes générales de diagnostic et de thérapeutique / |
||
| 260 |
_aParis : _bA. Poinat, _c1912. |
||
| 300 |
_a314 páginas ; _bIlustraciones, _c18 cm. |
||
| 500 | _aLibro en francés | ||
| 505 | _aContenido: Méthodes générales de diagnostic des maladies du foie et des voies biliares -- Étude générales des grands syndromes et de leur traitement -- Les maladies du foie leur diagnostic et leur traitement ... | ||
| 650 |
_aLibro del doctor _934791 |
||
| 650 |
_aEnfermedad del higado _934792 |
||
| 650 |
_aVías biliares _934793 |
||
| 700 |
_aFiessinger, N. _934794 |
||
| 942 |
_2ddc _cLIBROS |
||
| 945 |
_aacv _d2019-04-29 |
||